Statistics for Animals that Start with B

Click here to take the quiz!

General Stats

  • This quiz has been taken 82,202 times
    (38,061 since last reset)
  • The average score is 14 of 20

Answer Stats

ClueAnimal% Correct
Honey makerBee
100%
It could be grizzly or polar, e.g.Bear
99%
Earlier in life it is a caterpillarButterfly
92%
Wild pigBoar
89%
Flying mammalBat
85%
National bird of the United StatesBald Eagle
84%
In America, they are called buffaloBison
81%
Venomous spider with a red
hourglass on its back
Black Widow
79%
Large old-world monkey
with sharp canines
Baboon
74%
Male bovineBull
73%
Hard-shelled animal
that attaches itself to ships
Barnacle
71%
Burrowing mammal with a white stripe on
its head. The state animal of Wisconsin
Badger
65%
Popular sportfish with largemouth
and smallmouth varieties
Bass
57%
Insect that feeds on sleeping humansBed Bug
57%
Long, silvery fish with sharp teethBarracuda
54%
Member of the Lynx genusBobcat
52%
Jellyfish which ocasionally kills
swimmers in Australia
{Box} Jellyfish
49%
Close relative of the chimpanzeeBonobo
39%
Some varieties of this seabird have blue feetBooby
36%
New Guinea bird with spectacular markings
and elaborate mating displays
Bird-of-Paradise
21%

Score Distribution

Percentile by Number Answered

Percent of People with Each Score

Your Score History

You have not taken this quiz since the last reset